000 00981nam0a22002651 4500
001 rc\4832391
005 20250612192431.0
021 _aRU
_b[60-47938]
035 _a(NLR Aleph) 008805908
090 _a8131308
_c8131308
100 _a20130426d1960 |||y0rusy50 ca
101 1 _arus
_ckir
102 _aRU
105 _ay z |||||
200 1 _aТоголок Молдо. 1860-1942
_e(К 100-летию со дня рождения Б. Абдрахманова)
_e[Пер. с кирг.]
_fО-во по распространению полит. и науч. знаний Киргиз. ССР
210 _aФрунзе
_cБ. и.
_d1960
215 _a19 с.
_d20
300 _aПеред загл. авт.: канд. филол. наук Дж. Таштемиров
700 1 _aТаштемиров
_bД.
_gДжаки
702 0 _aТоголок Молдо
_4570
801 0 _aRU
_bNLR
_gpsbo
801 1 _aRU
_bELAR
_2rusmarc
852 _aNLR
_j60-4/9743
942 _cBOOK
980 _aNB